Friends Trivia Quiz - Statistics

General Stats
  • This quiz has been taken 2,297 times
    2,287 since last reset
  • The average score is 16 of 27
Answer Stats
Hint Answer % Correct
How many seasons are there? Ten
99%
Who got married in Las Vegas? Rachel and Ross
85%
What is Ross's sons name? Ben
81%
Where do the gang hang out? Central Perk
81%
Who gets a bald cat as a pet? Rachel
81%
What does Joey not share? Food
80%
Who originially came up with the name 'Emma'? Monica
78%
Who did Rachel almost marry? Barry
76%
Who introduces Phoebe and Mike? Joey
76%
What holiday does Chandler hate? Thanksgiving
75%
Who does Joey play in days of our lives? Dr. Drake Remoray
73%
Whos wedding did Monica and Chandler 'hook up'? Ross and Emily
73%
What is Mr and Mrs Geller's first names? Jack and Judy
70%
What pets do Joey and Chandler get? Duck and chicken
69%
What was monicas nickname when she ws a field hocky goalie? Big fat goalie
59%
Who married a 'gay ice dancer'? Phoebe Buffay
57%
What is hidden in Monica's 'Seceret closet' junk
56%
Who are Rachel's sisters? Amy and Jill
54%
who sings th opening theme song? The Rembrandts
51%
Who help'ed Ross found the 'I hate rachel club'? Will
45%
Which cast member directed several episodes? David Schwimmer
42%
What belonging to his date did Joey throw into a fire? wooden leg
35%
What is the name of the biological mother to Monica and Chandlers twins? Erika
31%
What is Chandler Bings middle name? Murial
28%
Where is the house Monica and Chandler buy? Westchester
16%
How many episodes are there? 238
15%
What is Chandler Bings job? (before advertising) statistical analysis and data reconfiguration
6%
No matching quizzes found
Score Distribution
Percent of People with Each Score
Percentile by Number Answered
Your Score History
You have not taken this quiz since the last reset